[Event "Tectura Active Chess 2008"]
[Site "Hørsholm"]
[Date "2008.05.17"]
[Round "6"]
[White "GM Peter Heine Nielsen"]
[Black "IM Jens Kristiansen"]
[Result "1-0"]
[WhiteElo "2629"]
[BlackElo "2441"]
[PlyCount "91"]

1. e4 c5 2. Nf3 d6 3. d4 cxd4 4. Nxd4 Nf6 5. Nc3 Nc6 6. Bg5 Qb6 7. Nb3 e6 8.
Qd2 a6 9. O-O-O Be7 10. f3 Qc7 11. Be3 Ne5 12. Qf2 Nfd7 13. g4 b5 14. Rg1 Rb8
15. f4 Nc4 16. Bd4 O-O 17. g5 b4 18. Na4 e5 19. Ba7 Ra8 20. Bxc4 Qxa7 21. Qxa7
Rxa7 22. f5 Rc7 23. Bd5 Kh8 24. Na5 Nb8 25. Nb6 Rc5 26. Nb3 Rc7 27. Rg3 Nd7 28.
Nxc8 Rfxc8 29. Rd2 Rf8 30. Na5 Nb8 31. h4 Rc5 32. Nb3 Rc7 33. Kb1 Nc6 34. c3 h6
35. Rc2 Rfc8 36. Bxf7 Nd4 37. Nxd4 exd4 38. Be6 Rb8 39. cxd4 Rxc2 40. Kxc2 a5
41. e5 dxe5 42. dxe5 Rb5 43. gxh6 gxh6 44. f6 Rxe5 45. Rg8+ Kh7 46. fxe7 1-0

[Event "Tectura Active Chess 2008"]
[Site "Hørsholm"]
[Date "2008.05.17"]
[Round "1"]
[White "Jes W. Knudsen"]
[Black "GM Nikitia Vitiugov"]
[Result "0-1"]
[WhiteElo "1980"]
[BlackElo "2617"]
[PlyCount "40"]

1. e4 c5 2. Nf3 e6 3. b4 cxb4 4. d4 Nf6 5. Bd3 b6 6. a3 bxa3 7. Bxa3 Bxa3 8.
Nxa3 Nc6 9. Qe2 Bb7 10. Nb5 O-O 11. Nd6 Qc7 12. Nxb7 Nxd4 13. Qd2 Nxf3+ 14.
gxf3 Qxb7 15. Rg1 g6 16. Rg3 Qc7 17. Ke2 Nh5 18. Qh6 Nxg3+ 19. hxg3 Qc3 20. Rh1
Qg7 0-1

[Event "Tectura Active Chess 2008"]
[Site "Hørsholm"]
[Date "2008.05.17"]
[Round "3"]
[White "Søren Peschardt "]
[Black "Morten Poulsen"]
[Result "0-1"]
[WhiteElo "2130"]
[BlackElo "1880"]
[PlyCount "44"]

1. d4 Nf6 2. c4 e5 3. d5 Bc5 4. Nc3 d6 5. e3 a5 6. Be2 Bf5 7. Nf3 Nbd7 8. Nh4
Bg6 9. O-O Ne4 10. Nxg6 Nxc3 11. bxc3 hxg6 12. Rb1 b6 13. Qd3 Qh4 14. h3 e4 15.
Qd1 Qg5 16. Kh1 Ke7 17. f4 Qg3 18. Qe1 Rxh3+ 19. Kg1 Bxe3+ 20. Bxe3 Qxe3+ 21.
Rf2 Rh4 22. Bf1 Rah8 0-1

[Event "Tectura Active Chess 2008"]
[Site "Hørsholm"]
[Date "2008.05.17"]
[Round "4"]
[White "GM Lars Bo Hansen"]
[Black "FM Karsten Larsen"]
[Result "1-0"]
[WhiteElo "2563"]
[BlackElo "2337"]
[PlyCount "33"]

1. d4 c5 2. e3 cxd4 3. exd4 d5 4. c4 e6 5. Nc3 Nf6 6. Nf3 Be7 7. cxd5 Nxd5 8.
Bc4 Nc6 9. O-O O-O 10. Re1 Nxc3 11. bxc3 b6 12. Bd3 Bb7 13. h4 Re8 14. Ng5 Bxg5
15. Bxg5 Qd6 16. Qh5 f5 17. Bxf5 1-0

[Event "Tectura Active Chess 2008"]
[Site "Hørsholm"]
[Date "2008.05.17"]
[Round "7"]
[White "Hasso Schütze"]
[Black "Michael Tandrup"]
[Result "1-0"]
[WhiteElo "2055"]
[BlackElo "1995"]
[PlyCount "50"]

1. d4 d5 2. Nc3 Nf6 3. Bg5 e6 4. f3 Be7 5. e3 c5 6. Qd2 cxd4 7. exd4 Nc6 8.
O-O-O Bb4 9. Kb1 Qa5 10. Nge2 Bd7 11. Qf4 Be7 12. h4 h6 13. Bxf6 Bxf6 14. Ng3
Bd8 15. Nh5 Rg8 16. Nb5 Nb4 17. Nd6+ Ke7 18. a3 Nxc2 19. Kxc2 Qc7+ 20. Kb1 Qxd6
21. Qe3 Rc8 22. Bd3 Ba4 23. Rc1 Bb6 24. Rxc8 Rxc8 25. Nxg7 Qc7 1-0

[Event "Tectura Active Chess 2008"]
[Site "Hørsholm"]
[Date "2008.05.17"]
[Round "7"]
[White "Svend Hartling"]
[Black "Frode B: Nielsen"]
[Result "0-1"]
[WhiteElo "2102"]
[BlackElo "2054"]
[PlyCount "104"]

1. d4 Nf6 2. c4 c5 3. Nf3 cxd4 4. Nxd4 Nc6 5. Nc3 e6 6. e4 Bc5 7. Be3 Qb6 8.
Na4 Bb4+ 9. Ke2 Qd8 10. a3 Ba5 11. Nxc6 bxc6 12. f3 O-O 13. b4 Bc7 14. c5 a5
15. Kf2 axb4 16. axb4 d5 17. exd5 Nxd5 18. Bd4 e5 19. Bb2 Qg5 20. Qe1 f6 21. g3
Bf5 22. Bc4 Bc2 23. Nc3 Rxa1 24. Bxa1 Rd8 25. Qe2 Bg6 26. h4 Qf5 27. Qe4 Qe6
28. Qe2 Bf7 29. Rd1 Nxc3 30. Rxd8+ Bxd8 31. Bxe6 Nxe2 32. Bxf7+ Kxf7 33. Kxe2
Ke6 34. Kd3 Kd5 35. g4 g6 36. Bc3 h5 37. Bd2 f5 38. g5 e4+ 39. fxe4+ fxe4+ 40.
Kc3 Bc7 41. Be3 Bg3 42. b5 cxb5 43. Kb4 Kc6 44. Kc3 Bxh4 45. Kd4 Bg3 46. Kxe4
h4 47. Kf3 Kd5 48. Bg1 b4 49. Be3 b3 50. Bc1 Kxc5 51. Bb2 Kd5 52. Ke3 Be5 0-1

[Event "Tectura Active Chess 2008"]
[Site "Hørsholm"]
[Date "2008.05.17"]
[Round "7"]
[White "Torsten Christiansen"]
[Black "Jakob Hansen"]
[Result "0-1"]
[WhiteElo "1616"]
[BlackElo "1794"]
[PlyCount "54"]

1. d4 Nf6 2. e3 g6 3. Bd3 Bg7 4. c4 c5 5. d5 d6 6. Nc3 O-O 7. Nge2 Nbd7 8. f4
e5 9. dxe6 fxe6 10. Bc2 Nb6 11. Bb3 d5 12. cxd5 exd5 13. O-O Kh8 14. h3 a6 15.
Bd2 d4 16. Na4 Nxa4 17. Bxa4 b5 18. Bc2 d3 19. Ng3 dxc2 20. Qxc2 c4 21. Rad1
Qe7 22. f5 Bxf5 23. Nxf5 gxf5 24. Qxf5 Ne4 25. Bb4 Rxf5 26. Bxe7 Rxf1+ 27. Kxf1
Bxb2 0-1

[Event "Tectura Active Chess 2008"]
[Site "Hørsholm"]
[Date "2008.05.17"]
[Round "6"]
[White "Michale Tandrup"]
[Black "Morten Breinholdt"]
[Result "1-0"]
[WhiteElo "1995"]
[BlackElo "1911"]
[PlyCount "69"]

1. d4 Nf6 2. Nf3 g6 3. e3 Bg7 4. b3 O-O 5. Bb2 d6 6. c4 Nbd7 7. Be2 c6 8. O-O
Qc7 9. Nbd2 e5 10. Qc2 Re8 11. dxe5 dxe5 12. Rad1 Nc5 13. Ba3 Bf5 14. Qc3 e4
15. Nd4 Bg4 16. f3 exf3 17. gxf3 Bh3 18. Bxc5 Bxf1 19. Bxf1 Qe5 20. Ba3 c5 21.
f4 cxd4 22. fxe5 dxc3 23. exf6 Bxf6 24. Nf3 Rxe3 25. Kf2 Rae8 26. Bc1 R3e6 27.
h4 a6 28. Rd7 b6 29. c5 bxc5 30. Bc4 R6e7 31. Rd6 Bg7 32. Ng5 Bd4+ 33. Kf3 h6
34. Rxg6+ Kf8 35. Nh7# 1-0

[Event "Tectura Active Chess 2008"]
[Site "Hørsholm"]
[Date "2008.05.17"]
[Round "6"]
[White "Jakob Hein"]
[Black "Torsten Christiansen"]
[Result "0-1"]
[WhiteElo "1156"]
[BlackElo "1616"]
[PlyCount "64"]

1. e4 d6 2. d4 f5 3. Bd3 fxe4 4. Bxe4 Nf6 5. Nc3 g6 6. Bg5 Bg7 7. Qd3 O-O 8.
Bxg6 hxg6 9. Qxg6 Qe8 10. Qd3 Qh5 11. Nf3 c6 12. h4 Na6 13. a3 Nc7 14. O-O-O
Ng4 15. Bxe7 Nxf2 16. Qc4+ d5 17. Nxd5 Nxd5 18. Bxf8 Bxf8 19. g4 Qf7 20. Ne5
Qf4+ 21. Kb1 Nxh1 22. Nxc6 Be6 23. Ne5 Nf2 24. Rf1 Qe3 25. h5 Rc8 26. Qa4 Ne4
27. Nc4 Rxc4 28. Rxf8+ Kxf8 29. Qxa7 Qe1+ 30. Ka2 Rxc2 31. Qb8+ Rc8 32. Qe5
Nec3+ 0-1

[Event "Tectura Active Chess 2008"]
[Site "Horsholm"]
[Date "2008.05.17"]
[Round "5"]
[White "Frode B. Nielsen"]
[Black "Niels Kristian Kragh."]
[Result "1-0"]
[WhiteElo "2054"]
[BlackElo "2149"]
[PlyCount "89"]

1. e4 Nc6 2. Nf3 f5 3. exf5 d5 4. d4 Bxf5 5. Bd3 Bg4 6. h3 Bh5 7. c3 e6 8. Bf4
Bd6 9. Bxd6 Qxd6 10. g4 Bg6 11. Bxg6+ hxg6 12. Qd3 O-O-O 13. Qxg6 Nge7 14. Qg5
Rdf8 15. Nbd2 Rf6 16. O-O-O Ng6 17. h4 Rhf8 18. h5 Nf4 19. Ne5 Nxe5 20. dxe5
Nd3+ 21. Kb1 Nxe5 22. Ne4 dxe4 23. Rxd6 cxd6 24. h6 gxh6 25. Rxh6 Rxf2 26. Qe7
Nd3 27. Qxe6+ Kb8 28. Qxd6+ Ka8 29. Rh2 Rf1+ 30. Kc2 a6 31. Re2 R1f2 32. Rxf2
Rxf2+ 33. Kb3 Rxb2+ 34. Kc4 Nf2 35. g5 e3 36. Qf8+ Ka7 37. Qc5+ Rb6 38. Qxe3
Ng4 39. Qd4 Nh2 40. g6 Nf3 41. Qe3 Nh4 42. g7 Nf5 43. Qxb6+ Kxb6 44. g8=Q Nd6+
45. Kd5 1-0

[Event "Tectura Active Chess 2008"]
[Site "Hørsholm"]
[Date "2008.05.17"]
[Round "5"]
[White "Jens Gade"]
[Black "Erik Sørensen"]
[Result "0-1"]
[WhiteElo "1492"]
[BlackElo "1775"]
[PlyCount "50"]

1. f4 d5 2. Nf3 Nf6 3. e3 g6 4. Be2 Bg7 5. d4 Bg4 6. O-O O-O 7. c4 c6 8. c5 a5
9. Nc3 Nbd7 10. Bd2 b6 11. cxb6 Nxb6 12. Ne5 Bxe2 13. Qxe2 Qd6 14. Rac1 Nfd7
15. Nd1 c5 16. dxc5 Nxc5 17. Bc3 Rfc8 18. Bd4 Ne6 19. Rxc8+ Rxc8 20. Nc3 Nxd4
21. exd4 Qb4 22. Rd1 e6 23. a3 Qb3 24. Rd2 Nc4 25. Nxc4 Rxc4 0-1

[Event "Tectura Active Chess 2008"]
[Site "Hørsholm"]
[Date "2008.05.17"]
[Round "3"]
[White "Kurt Hollesen"]
[Black "Erik Sørensen"]
[Result "1-0"]
[WhiteElo "1999"]
[BlackElo "1775"]
[PlyCount "65"]

1. c4 e5 2. Nc3 Bb4 3. e4 Nf6 4. Nge2 O-O 5. g3 Nc6 6. Bg2 d6 7. h3 Be6 8. d3
Qd7 9. Be3 Rad8 10. f4 Bxc3+ 11. Nxc3 Qe8 12. f5 Bc8 13. g4 Nd7 14. g5 f6 15.
h4 Nc5 16. a3 Ne7 17. Nd5 Nd7 18. Nxc7 Nxf5 19. Nxe8 Nxe3 20. Qe2 Nxg2+ 21.
Qxg2 Rdxe8 22. O-O-O Nc5 23. Kc2 Bd7 24. Rdf1 f5 25. b4 Ne6 26. exf5 Bc6 27.
Qh3 Nd4+ 28. Kc3 Bxh1 29. Qxh1 Nxf5 30. Qd5+ Kh8 31. h5 Ne3 32. Rxf8+ Rxf8 33.
Qxb7 1-0

[Event "Tectura Active Chess 2008"]
[Site "Hørsholm"]
[Date "2008.05.17"]
[Round "3"]
[White "Torsten Christiansen"]
[Black "Thomas Nygren Hansen"]
[Result "1-0"]
[WhiteElo "1616"]
[BlackElo "1299"]
[PlyCount "47"]

1. d4 Nf6 2. e3 g6 3. Bd3 Bg7 4. f4 e6 5. Nf3 Nc6 6. c3 d5 7. O-O O-O 8. Nbd2
a6 9. Qe1 Bd7 10. b3 b5 11. Ne5 Na5 12. Ba3 Re8 13. Ndf3 Nb7 14. Ng5 Bf8 15.
Ngxf7 Qc8 16. Bxf8 Rxf8 17. Nh6+ Kg7 18. Qh4 Qe8 19. Rf3 Nd6 20. Raf1 Nf5 21.
Nxf5+ exf5 22. Rh3 Ng4 23. Qxh7+ Kf6 24. Nxd7+ 1-0

[Event "Tectura Active Chess 2008"]
[Site "Hørsholm"]
[Date "2008.05.17"]
[Round "3"]
[White "Flemming Borg"]
[Black "Frode B. Nielsen"]
[Result "0-1"]
[WhiteElo "2012"]
[BlackElo "2054"]
[PlyCount "39"]

1. e4 e5 2. Nc3 Nf6 3. Bc4 Nc6 4. d3 Bb4 5. Nge2 d5 6. exd5 Nxd5 7. Bd2 Be6 8.
Nxd5 Bxd2+ 9. Qxd2 Bxd5 10. Bxd5 Qxd5 11. Qg5 O-O 12. Nc3 Qe6 13. O-O-O b5 14.
Kb1 Nd4 15. f4 f6 16. Qh4 b4 17. Ne4 Qc6 18. c3 bxc3 19. bxc3 Rab8+ 20. Ka1 0-1

[Event "Tectura Active Chess 2008"]
[Site "Hørsholm"]
[Date "2008.05.17"]
[Round "2"]
[White "Erik Sørensen"]
[Black "Jakob Hein"]
[Result "1-0"]
[WhiteElo "1775"]
[BlackElo "1156"]
[PlyCount "43"]

1. e4 d6 2. d4 Nf6 3. Nc3 g6 4. f4 e6 5. Nf3 Nbd7 6. e5 Ng4 7. Bc4 dxe5 8. fxe5
Ndxe5 9. dxe5 Qxd1+ 10. Nxd1 Bc5 11. h3 f5 12. hxg4 fxg4 13. Ng5 h5 14. Be3
Bb4+ 15. c3 Ba5 16. Nf2 Bd7 17. O-O-O O-O-O 18. Nf7 Bb6 19. Bxb6 axb6 20. Nxd8
Kxd8 21. Bxe6 Rh7 22. Ne4 1-0

[Event "Tectura Active Chess 2008"]
[Site "Hørsholm"]
[Date "2008.05.17"]
[Round "2"]
[White "Kaare Christensen"]
[Black "Klavs Mackeprang"]
[Result "1-0"]
[WhiteElo "2325"]
[BlackElo "1576"]
[PlyCount "56"]

1. e4 c5 2. Nf3 d6 3. d4 cxd4 4. Nxd4 Nf6 5. Nc3 Nc6 6. Bg5 Ng4 7. Qd2 Qb6 8.
Nb3 Bd7 9. f3 Nge5 10. O-O-O Be6 11. Nd5 Bxd5 12. exd5 Nb4 13. Be3 Nxa2+ 14.
Kb1 Qb4 15. Kxa2 Qa4+ 16. Kb1 g6 17. Qa5 Qxa5 18. Nxa5 Bg7 19. Bb5+ Kf8 20.
Nxb7 Rb8 21. Bc6 Nc4 22. Bd4 Bf6 23. Bxf6 exf6 24. Rd4 Ne5 25. f4 Nxc6 26. dxc6
Kg7 27. Re1 Rhe8 28. Rxe8 Rxe8 1-0

[Event "Tectura Active Chess 2008"]
[Site "Hørsholm"]
[Date "2008.05.17"]
[Round "2"]
[White "Michael Tandrup"]
[Black "Torsten Christiansen"]
[Result "1-0"]
[WhiteElo "1995"]
[BlackElo "1616"]
[PlyCount "63"]

1. d4 f5 2. e4 d6 3. Bd3 fxe4 4. Bxe4 Nf6 5. Bd3 g6 6. Bg5 Bg7 7. Nc3 d5 8. Nf3
Bg4 9. h3 Bd7 10. Ne5 c6 11. Qd2 Qb6 12. O-O-O a5 13. Bh6 Rg8 14. Bxg7 Rxg7 15.
Qh6 Rg8 16. Na4 Qb4 17. Nc5 Kd8 18. c3 Qb6 19. Nf7+ Kc8 20. Rhe1 Na6 21. Nxd7
Kxd7 22. Qe3 Rae8 23. Qe6+ Kc7 24. g4 c5 25. Qe5+ Kc8 26. Bxa6 bxa6 27. g5 Rgf8
28. gxf6 Rxf7 29. dxc5 Qxf6 30. Qxd5 Qf4+ 31. Rd2 e5 32. Qc6+ 1-0

[Event "Tectura Active Chess 2008"]
[Site "Hørsholm"]
[Date "2008.05.17"]
[Round "1"]
[White "Svend Hartling"]
[Black "Jens Gade"]
[Result "1-0"]
[WhiteElo "2102"]
[BlackElo "1515"]
[PlyCount "75"]

1. d4 d5 2. c4 dxc4 3. Nc3 Nf6 4. e4 g6 5. Bxc4 Bg7 6. Nge2 O-O 7. O-O Nc6 8.
e5 Ne8 9. Be3 e6 10. Ne4 Nxe5 11. dxe5 Qxd1 12. Raxd1 Bxe5 13. Rd8 Nd6 14.
Rxf8+ Kxf8 15. Nxd6 cxd6 16. Nd4 Bd7 17. f4 Bg7 18. b3 a6 19. g4 b5 20. Be2 Rc8
21. f5 e5 22. Ne6+ Bxe6 23. fxe6 f6 24. Rc1 Rxc1+ 25. Bxc1 Ke7 26. a4 bxa4 27.
bxa4 a5 28. Bc4 f5 29. gxf5 gxf5 30. Bg5+ Bf6 31. Bd2 e4 32. Bxa5 Bd4+ 33. Kf1
f4 34. Bd5 e3 35. Ke2 h5 36. Be1 Ke8 37. Bh4 Bb6 38. Bc6+ 1-0

[Event "Tectura Active Chess 2008"]
[Site "Hørsholm"]
[Date "2008.05.17"]
[Round "1"]
[White "Henrik Andersen"]
[Black "Thomas Nygren"]
[Result "1-0"]
[WhiteElo "2069"]
[BlackElo "1299"]
[PlyCount "55"]

1. c4 Nf6 2. Nc3 g6 3. e4 e5 4. Nf3 Nc6 5. g3 Bg7 6. Bg2 O-O 7. O-O d6 8. d3
Be6 9. Bd2 Qd7 10. Nd5 a5 11. a3 b6 12. b4 Ne7 13. Qc2 Nexd5 14. cxd5 Bh3 15.
Rfc1 Rfc8 16. Rab1 Bxg2 17. Kxg2 Qg4 18. bxa5 bxa5 19. Rb5 Nh5 20. Qd1 Nf4+ 21.
Bxf4 exf4 22. Rb7 fxg3 23. hxg3 h5 24. Rcxc7 h4 25. Rxf7 Be5 26. Nxe5 Qxd1 27.
Rg7+ Kf8 28. Rbf7+ 1-0

[Event "Tectura Active Chess 2008"]
[Site "Hørsholm"]
[Date "2008.05.17"]
[Round "5"]
[White "GM Johnny Hector"]
[Black "GM Nikitia Vitiguov"]
[Result "1-0"]
[WhiteElo "2532"]
[BlackElo "2617"]
[PlyCount "59"]

1. d4 d5 2. Nc3 Nf6 3. Bg5 e6 4. e4 Bb4 5. e5 h6 6. Bc1 Ne4 7. Qg4 g5 8. a3 h5
9. Qf3 Bxc3+ 10. bxc3 c5 11. Bd3 g4 12. Qe3 Nxc3 13. h3 Nc6 14. hxg4 cxd4 15.
Qf4 h4 16. Nf3 Ne4 17. Bxe4 dxe4 18. Qxe4 Qd5 19. Qf4 Bd7 20. Qf6 Rg8 21. Rxh4
Ne7 22. Bg5 Qe4+ 23. Kd2 Nd5 24. Qg7 Ne7 25. Rh8 O-O-O 26. Rxg8 Nxg8 27. Bxd8
Ba4 28. Ne1 d3 29. cxd3 Qf4+ 30. Ke2 1-0